| 000 | 01821nam0a2200397 4500 | ||
|---|---|---|---|
| 001 | RU\NLR\bibl\1472326 | ||
| 005 | 20260405144210.0 | ||
| 010 | _a978-5-397-00993-5 | ||
| 021 |
_aRU _b2009-101302 _96447 |
||
| 035 | _a(nilc)RSL-KNO-004481725 | ||
| 035 | _a(NLR Aleph) 001464013 | ||
| 090 |
_a1601433 _c1601433 |
||
| 100 | _a20091210d2010 |||y0rusy50 ca | ||
| 101 | 0 | _arus | |
| 102 | _aRU | ||
| 105 | _aa ||||||||| | ||
| 200 | 1 |
_aВведение в историю русского языка _fН.Н. Дурново _gподгот. текста, ред., предисл. и коммент. Л.Л. Касаткина, Т.А. Сумниковой |
|
| 205 | _aИзд. 2-е | ||
| 210 |
_aМосква _cURSS _cЛИБРОКОМ _d2010 [т.е. 2009] |
||
| 215 |
_a[2], 5-294, [1] с., [2] л. цв. карт _cфакс. _d22 |
||
| 225 | 1 | _aЛингвистическое наследие XX века | |
| 300 | _aНа 4-й с. обл. авт.: Н.Н. Дурново, лингвист, проф. | ||
| 300 | _aКн. фактически изд. в 2009 г. | ||
| 320 | _aБиблиогр.: с. 18-24, в конце гл., в тексте и в подстроч. прим. | ||
| 320 | _aБиблиогр. работ авт.: с. 267-293 | ||
| 606 | 1 |
_aРусский язык _xИстория _91511577 _3RU\NLR\auth\66656247 |
|
| 686 |
_aШ141.2-01,0 _2rubbk |
||
| 686 |
_aШ141.1-5,0 _2rubbk |
||
| 686 | _aШ141.12-0 | ||
| 700 | 1 |
_4070 _8rus _7ca _aДурново _bН. Н. _f1876-1937 _gНиколай Николаевич _3RU\NLR\auth\7759838 _942769 |
|
| 801 | 0 |
_aRU _bRuMoRGB _c20091210 _grcr |
|
| 801 | 1 |
_aRU _bRuMoRGB _c20091210 |
|
| 801 | 2 |
_aRU _bNLR _c20100211 _grcr |
|
| 942 | _cBOOK | ||
| 980 | _aNB | ||